00875nam a2200229Ia 4500003000900000008004100009020001800050040001600068080002100084245011900105260006100224300001400285490003300299650003400332650004100366650002500407650003700432700003200469942000700501999001700508952012000525IN-BaIIA211028s9999 xx 000 0 eng d a0-937707-42-4 cIIA Library a082.2:52bASP-23 0aAstronomical CCD observing and reduction techniquescedited by Steve B. Howell  aSan FranciscobAstronomical Society of the Pacificc1992 axv, 329p. aASP conference series; v. 23 aAstronomical techniques91786 aAstronomy and astrophysics thesaurus aCCD astronomy916687 aData reduction techniques918699 aHowell, Steve B. ed.918700 cBK c10949d10949 00104070aBANbBANcGENd1994-03-16l2m1o082.2:52/ ASP-23p11862r2023-06-30s2023-04-28w1994-03-16yBK 40.00